Strategic management concepts : a competitive advantage approach (Record no. 199865)

MARC details
000 -LEADER
fixed length control field 00444nam a2200157Ia 4500
005 - DATE AND TIME OF LATEST TRANSACTION
control field 20250415091301.0
008 - FIXED-LENGTH DATA ELEMENTS--GENERAL INFORMATION
fixed length control field 231217s9999 xx 000 0 und d
020 ## - INTERNATIONAL STANDARD BOOK NUMBER
International Standard Book Number 9789353062835
082 ## - DEWEY DECIMAL CLASSIFICATION NUMBER
Classification number 658.4012 DAV;2 R1
100 ## - MAIN ENTRY--PERSONAL NAME
Personal name David, Fred R. David, Forest R.
245 #0 - TITLE STATEMENT
Title Strategic management concepts : a competitive advantage approach
250 ## - EDITION STATEMENT
Edition statement 16 th ed
260 ## - PUBLICATION, DISTRIBUTION, ETC. (IMPRINT)
Date of publication, distribution, etc. 2018
Name of publisher, distributor, etc. Pearson
Place of publication, distribution, etc. Noida
300 ## - PHYSICAL DESCRIPTION
Extent xxviii, 435
942 ## - ADDED ENTRY ELEMENTS (KOHA)
Koha item type Books
Holdings
Date last seen Total Checkouts Full call number Accession number Price effective from Category Public note Lost status Damaged status Department Withdrawn status Permanent Location Current Location Shelving location Entry date Grants Currency symbol Conversion rate Discount Discount type
26/01/2024   658.4012 DAV;2 R1 93681 26/01/2024 Books Donated by pearson     Central Library   Central Library Central Library Central Library 20/02/2023 DONATED RS 1   Rupees

© For any Suggestions or Query, please contact the library staff @ librarian@pes.edu or Phone: +9180 2672 1983/ 2108.